Statistics for Quadrilaterals

Click here to take the quiz!

General Stats

  • This quiz has been taken 38 times
    (20 since last reset)
  • The average score is 5 of 7

Answer Stats

Answer% Correct
Square
100%
Rectangle
95%
Rhombus
84%
Trapezoid
84%
Parallelogram
79%
Kite
58%
Chevron
16%

Score Distribution

Percentile by Number Answered

Percent of People with Each Score

Your Score History

You have not taken this quiz since the last reset